| 000 | 00770pam a2200217 a 4500 | ||
|---|---|---|---|
| 020 | _a0471551929 | ||
| 082 | 0 | 0 |
_a681.2 _bDAL _cL-21, P-79 |
| 100 | 1 |
_aDally, James W. _945063 |
|
| 245 | 1 | 0 |
_aInstrumentation for engineering measurements / _cJames W. Dally, William F. Riley, Kenneth G. McConnell. |
| 250 | _a2nd ed. | ||
| 260 |
_aNew York : _bWiley, _cc1993. |
||
| 300 |
_axxi, 584 p. : _bill. ; _c26 cm. |
||
| 526 |
_a0 _b0 _c0 _d681_200000000000000_DAL |
||
| 650 | 0 |
_aEngineering instruments. _97429 |
|
| 650 | 0 |
_aMCE _9379 |
|
| 700 | 1 |
_aMcConnell, Kenneth G. _945064 |
|
| 700 | 1 |
_aRiley, William F. _940590 |
|
| 856 | 4 | _uhttp://www.loc.gov/catdir/toc/onix04/92032673.html | |
| 856 | 4 | 2 | _uhttp://www.loc.gov/catdir/description/wiley033/92032673.html |
| 942 |
_2ddc _cBK |
||
| 999 |
_c548669 _d548669 |
||